|
|
|
|
| LEADER |
00000ngm0a2200000 4500 |
| 001 |
108971 |
| 005 |
20231031115858.0 |
| 010 |
|
|
|a 388532301X
|
| 035 |
|
|
|a (RuTPU)RU\TPU\book\117626
|
| 090 |
|
|
|a 108971
|
| 100 |
|
|
|a 20070129d1989 m y0gery50 ba
|
| 101 |
0 |
|
|a ger
|
| 102 |
|
|
|a DE
|
| 105 |
|
|
|a a j 000zy
|
| 115 |
|
|
|a c180bahmcuaz cbucc
|
| 200 |
1 |
|
|a Szenen aus dem Büro German at Work
|b Electronic resource
|e 12 German Lessons for Advanced Learners
|e A Video Self-Study Course for Advanced Learners
|
| 203 |
|
|
|a Text
|c electronic
|
| 210 |
|
|
|a Munchen
|c Verlag fur Deutsch
|d 1989
|
| 215 |
|
|
|a 1 video-cassette (180 min)
|e буклет
|
| 225 |
1 |
|
|a Berufssprache Deutsch
|
| 610 |
1 |
|
|a немецкий язык
|
| 610 |
1 |
|
|a лексика
|
| 610 |
1 |
|
|a учебные пособия
|
| 610 |
1 |
|
|a разговорная речь
|
| 610 |
1 |
|
|a видеокассеты
|
| 686 |
|
|
|a Ш143.24-923.4
|v LBC/SL-A
|2 rubbk
|
| 801 |
|
1 |
|a RU
|b 63413507
|c 20070129
|g PSBO
|
| 801 |
|
2 |
|a RU
|b 63413507
|c 20070201
|g PSBO
|
| 942 |
|
|
|c BK
|